000 01183nam a22002777a 4500
003 OSt
005 20250925180542.0
008 240315b ||||| |||| 00| 0 eng d
040 _c0
082 _aDPer 621.381 In821 August 2022 v. 37 n. 8
100 _aZhang, Junkun.
_eauthor.
_954776
245 _aDesign and optimization of a magnetron DC–DC isolated power supply with high efficiency /
_cJunkun Zhang, Bing Gao, Zhixing He, Lei Wang, Renjie Hou, Yang Liu, An Lou, Yandong Chen, and Rong Han.
260 _aNew York ;
_bThe Institute of Electrical and Electronics Engineers, Inc. ,
_cAugust 2022.
300 _aVolume 37, pages 9392-9405 :
_billustration ;
_c28 cm.
500 _aIEEE Transitions on Power Electronics, v. 37 n. 8, pages 9392-9405, August 2022.
700 _aZhang, Junkun.
_eauthor.
_954776
700 _aGao, Bing.
_eauthor.
_954777
700 _aHe, Zhixing.
_eauthor.
_954778
700 _aWang, Lei.
_eauthor.
_954779
700 _aHou, Renjie.
_eauthor.
_954780
700 _aLiu, Yang.
_eauthor.
_954781
700 _aLou, An.
_eauthor.
_954782
700 _aChen, Yandong.
_eauthor.
_954783
700 _aHan, Rong.
_eauthor.
_954784
942 _2ddc
_cPER
999 _c19703
_d19703